000 00990nmm a2200313 a 4500
001 ocm000591879
003 TR-IsHL
005 20201028122250.0
008 131028s2010 tu tur
007 cr cn
020 _a9789944978729
035 _a591879
_b(N$T)
050 0 4 _aPL248.Y86
_bG65 2010
090 0 4 _aPL248.Y86
_bG65 2010
100 1 _aGöktürk, Mete
245 1 0 _aBir devrin aynası şairler kocası
_h[electronic resource] /
_cMete Göktürk
250 _a1. bs.
260 _aİstanbul :
_bİlgi Kültür Sanat Yayıncılık,
_c2010
300 _a190 p.
650 4 _aDil ve Edebiyat
650 4 _aLanguage and Literature
650 0 _aTürk şiiri
650 0 _aTurkish poetry
650 0 _aTürk edebiyatı
_x Divan
650 0 _aTurkish literature
_x Divan
650 0 _aYunus Emre, 1238?-1320?
650 7 _aPOETRY / Middle Eastern
_2bisacsh
856 4 0 _uhttp://search.ebscohost.com/login.aspx?direct=true&scope=site&db=e011xww&AN=591879
999 _c1776
_d1776